01485 2200349 4500001002100000005001500021035002000036006001800056007000300074008004100077040001700118100005500135245013500190300003700325020002200362082001200384084002100396090002400417250003100441264004300472336002100515337003000536338002300566440002600589520040200615650002001017700002501037700002901062850001201091990001601103990001601119INLIS00000000090078020221021105353 a0010-1022000035aa b ||| |ta221021 0  aJKPNPNAbind0 aBudi DermawanepengarangeBudi Dermawanepengarang1 aSi semut & belalang yang malas :basyiknya belajar sikap mandiri /cBudi Dermawan,; editor, Aulia Rahman; ilustrator, Agus Mutaram a32 halaman :bilustrasi ;c21 cm a978-979-788-579-3 a398.245 aSR 398.245 BUD s aCB-D.09 2018-036184 acetakan II, september 2021 aJakarta :bPenebar Swadaya Kids,c2021 2rdacontentateks 2rdamediaatanpa perantara 2rdacarrieravolume aSeri Fabel Inspiratif aProses pembentukan kepribadian anak dimulai sejak usia dini. Apabila orangtua dan lingkungan bisa memberi contoh serta pelajaran yang baik, niscaya baik pula perkembangan kepribadian anak kelak. Seri fabel inspiratif ini memberikan pesan-pesan tentang pengembangan moral, karakter, dan akhlak melalui kisah-kisah. Melalui kisah, hikmah dan pelajaran dapat lebih mudah disampaikan dan diserap anak. 4aCerita binatang0 aAulia Rahmaneeditor0 aAgus Mutarameilustrator aYOPUYOG a50741.63561 a50742.63562